[Event "42nd Olympiad 2016"]
[Site "Baku AZE"]
[Date "2016.09.09"]
[Round "7.8"]
[Board "2"]
[White "Hammer, Jon Ludvig"]
[Black "Ipatov, Alexander"]
[Result "1/2-1/2"]
[WhiteTitle "GM"]
[BlackTitle "GM"]
[WhiteElo "2651"]
[BlackElo "2652"]
[WhiteTeam "Norway"]
[BlackTeam "Turkey"]
[WhiteFideId "1503707"]
[BlackFideId "14116731"]
[EventDate "2016.09.02"]

1. c4 d6 2. g3 g6 3. Bg2 Bg7 4. d4 Nf6 5. Nf3 O-O 6. O-O Nbd7 7. Nc3 e5 8. b3
Re8 9. e4 exd4 10. Nxd4 Nc5 11. f3 c6 12. Be3 Qe7 13. Re1 Nfd7 14. Qc2 Ne5 15.
Rad1 a5 16. h3 g5 17. Nf5 Bxf5 18. exf5 Qf6 19. Bxc5 dxc5 20. Na4 Re7 21. Nxc5
Rae8 22. Kf1 b6 23. Ne4 Qxf5 24. Qf2 Nd7 25. f4 Nc5 26. g4 Qxf4 27. Qxf4 gxf4
28. Nxc5 Rxe1+ 29. Rxe1 Rxe1+ 30. Kxe1 bxc5 31. Bxc6 Bd4 32. Ke2 Kg7 33. Kf3 Be3
34. Ke4 Kf6 35. Bd5 h6 36. Kf3 1/2-1/2

[Event "42nd Olympiad 2016"]
[Site "Baku AZE"]
[Date "2016.09.09"]
[Round "7.8"]
[Board "3"]
[White "Yilmaz, Mustafa"]
[Black "Tari, Aryan"]
[Result "1/2-1/2"]
[WhiteTitle "GM"]
[BlackTitle "GM"]
[WhiteElo "2616"]
[BlackElo "2570"]
[WhiteTeam "Turkey"]
[BlackTeam "Norway"]
[WhiteFideId "6302718"]
[BlackFideId "1510045"]
[EventDate "2016.09.02"]

1. Nf3 Nf6 2. c4 c5 3. Nc3 d5 4. cxd5 Nxd5 5. e3 Nxc3 6. bxc3 g6 7. h4 h6 8. Ba3
Qc7 9. Qb3 Be6 10. Bc4 Bxc4 11. Qxc4 Nd7 12. O-O Rc8 13. Rab1 Bg7 14. d4 Qa5 15.
Qb3 O-O 16. c4 e6 17. Rfd1 Rc7 18. e4 Re8 19. d5 exd5 20. exd5 Nb6 21. Bb2 Qa4
22. Bxg7 Qxb3 23. axb3 Kxg7 24. Ra1 Nc8 25. Kf1 b6 26. Re1 Rce7 27. Rxe7 Rxe7
28. Re1 Rxe1+ 29. Kxe1 f6 30. Kd2 Nd6 31. Kd3 Kf7 32. g3 Ke7 33. Ne1 Kd7 34. Ng2
g5 35. hxg5 hxg5 36. Ne3 a6 37. f3 Ke7 38. Kc3 b5 39. Kd3 Kd7 40. Ng4 Ke7 41.
Nf2 Kd7 42. Kc3 Kc7 43. Ng4 f5 44. Ne5 g4 45. fxg4 fxg4 46. Nxg4 Ne4+ 47. Kd3
Nxg3 48. Ne3 Kd6 49. Nd1 Ke5 50. Nf2 Nf5 51. Ne4 bxc4+ 52. bxc4 Ne7 53. Nxc5
Nxd5 54. cxd5 Kxd5 55. Nxa6 1/2-1/2

[Event "42nd Olympiad 2016"]
[Site "Baku AZE"]
[Date "2016.09.09"]
[Round "7.8"]
[Board "4"]
[White "Urkedal, Frode"]
[Black "Esen, Baris"]
[Result "1/2-1/2"]
[WhiteTitle "GM"]
[BlackTitle "GM"]
[WhiteElo "2537"]
[BlackElo "2524"]
[WhiteTeam "Norway"]
[BlackTeam "Turkey"]
[WhiteFideId "1506102"]
[BlackFideId "6302114"]
[EventDate "2016.09.02"]

1. e4 g6 2. d4 Bg7 3. Nf3 d6 4. Nc3 a6 5. a4 b6 6. Bc4 e6 7. O-O Ne7 8. Be3 Nd7
9. Qd2 h6 10. Ba2 Bb7 11. h3 Nf6 12. d5 e5 13. Ne1 Nh5 14. Nd3 f5 15. exf5 gxf5
16. f4 e4 17. Nc1 Qd7 18. N1e2 O-O-O 19. Nd4 Bxd4 20. Qxd4 Rhg8 21. Rf2 Ng6 22.
Kh2 Nh4 23. Rg1 Rg6 24. Bc4 Rdg8 25. Be2 Nf6 26. Bd1 Qg7 27. g4 fxg4 28. hxg4
Nf3+ 29. Bxf3 exf3 30. g5 Qh7 31. f5 hxg5+ 32. Kg3 Qh4+ 33. Kxf3 Qh5+ 34. Kg2
Rh6 35. Kf1 Re8 36. Bxg5 Qh3+ 37. Rgg2 Qh1+ 38. Rg1 Qh3+ 39. Rfg2 Nxd5 40. Nxd5
Qxf5+ 41. Qf4 Qxd5 42. Bxh6 Qd1+ 43. Kf2 Qxc2+ 44. Kg3 Bxg2 45. Rxg2 Qd3+ 46.
Kh2 Re4 47. Qg3 Qd4 48. Bg5 Qxa4 49. Qd3 a5 50. Qd5 Re8 51. Qa8+ Kd7 52. Qd5 Qe4
53. Qxe4 Rxe4 54. Kg3 a4 55. Kf3 Rb4 56. Rc2 Rb3+ 57. Ke2 a3 58. bxa3 Rxa3 59.
Bf4 b5 60. Be3 Ra5 61. Kd3 b4 62. Kc4 c5 63. Rd2 Ra3 64. Bf4 Rc3+ 65. Kb5 b3 66.
Bxd6 Rc2 67. Rxc2 1/2-1/2

[Event "42nd Olympiad 2016"]
[Site "Baku AZE"]
[Date "2016.09.09"]
[Round "7.9"]
[Board "1"]
[White "Ghaem Maghami, Ehsan"]
[Black "Munkhgal, Gombosuren"]
[Result "1-0"]
[WhiteTitle "GM"]
[BlackTitle "IM"]
[WhiteElo "2566"]
[BlackElo "2446"]
[WhiteTeam "Iran"]
[BlackTeam "Mongolia"]
[WhiteFideId "12500739"]
[BlackFideId "4901266"]
[EventDate "2016.09.02"]

1. c4 e6 2. Nf3 Nf6 3. g3 d5 4. Bg2 Be7 5. b3 d4 6. e3 c5 7. O-O Nc6 8. exd4
cxd4 9. d3 O-O 10. Re1 Nd7 11. Ba3 e5 12. Bxe7 Qxe7 13. a3 a5 14. Nbd2 Nc5 15.
Ne4 Nxe4 16. Rxe4 Qd6 17. Re1 h6 18. Qe2 Re8 19. Nd2 Bf5 20. Ne4 Qe7 21. Qd2
Rab8 22. f4 Bxe4 23. Bxe4 Qd6 24. Rf1 b5 25. c5 Qe6 26. f5 Qf6 27. b4 a4 28. h4
Rbc8 29. Rae1 Ne7 30. Qf2 h5 31. Qf3 g6 32. fxg6 Qxf3 33. Rxf3 fxg6 34. Rf6 Kg7
35. Re6 Nf5 36. Bxf5 gxf5 37. R1xe5 Rf8 38. Re7+ Kg6 39. R5e6+ Rf6 40. Kf2 f4
41. gxf4 Kf5 42. Rxf6+ Kxf6 43. Re5 Rg8 44. c6 Rc8 45. Rc5 Ke6 46. c7 Kd7 47.
Kf3 1-0

[Event "42nd Olympiad 2016"]
[Site "Baku AZE"]
[Date "2016.09.09"]
[Round "7.9"]
[Board "2"]
[White "Gundavaa, Bayarsaikhan"]
[Black "Maghsoodloo, Parham"]
[Result "1/2-1/2"]
[WhiteTitle "GM"]
[WhiteElo "2492"]
[BlackElo "2566"]
[WhiteTeam "Mongolia"]
[BlackTeam "Iran"]
[WhiteFideId "4901045"]
[BlackFideId "12539929"]
[EventDate "2016.09.02"]

1. d4 Nf6 2. c4 g6 3. Nc3 d5 4. Bf4 Bg7 5. e3 O-O 6. Rc1 Be6 7. Nf3 dxc4 8. Ng5
Bd5 9. e4 h6 10. exd5 hxg5 11. Bxg5 Nxd5 12. Bxc4 Nb6 13. Bb3 Nc6 14. Ne2 a5 15.
a4 Qd6 16. O-O Rfd8 17. Re1 Rd7 18. Qc2 e6 19. Rcd1 Re8 20. h4 Qb4 21. Bd2 Nxd4
22. Nxd4 Qxd4 23. g3 Qxb2 24. Qxb2 Bxb2 25. Bxa5 Rxd1 26. Rxd1 Nxa4 27. Rb1 Ra8
28. Bxa4 Rxa5 29. Rxb2 Rxa4 30. Rxb7 Rc4 31. Kg2 Kg7 32. Ra7 Kf6 33. Ra5 Ke7 34.
Kf3 Rd4 35. Ke3 Rb4 36. Ra7 Kd6 37. Kf3 Rc4 38. Ra6+ Ke5 39. Ra5+ c5 40. Ra7 f5
41. Rg7 Kf6 42. Rc7 g5 43. h5 g4+ 44. Kg2 Kg5 45. Rc6 Kxh5 46. Rxe6 Rc3 47. Rf6
Kg5 48. Rd6 Rc4 49. f4+ gxf3+ 50. Kxf3 Rd4 51. Rc6 c4 52. Ke3 Rd3+ 53. Ke2 Rc3
54. Kd2 Rxg3 55. Rxc4 Rg4 56. Rc1 Re4 57. Kd3 Re5 58. Kd4 Re8 59. Rg1+ Kh4 60.
Rf1 Re4+ 61. Kd3 Kg4 62. Rg1+ Kf4 63. Rf1+ Kg5 64. Rg1+ Kf6 65. Rf1 Re8 66. Kd4
Re5 67. Rh1 Re4+ 68. Kd3 Ke5 69. Ra1 Ke6 70. Ra6+ Kf7 71. Rb6 Kg7 72. Ra6 Re7
73. Rb6 Kf7 74. Ra6 Re1 75. Kd2 Re6 76. Rxe6 Kxe6 1/2-1/2

[Event "42nd Olympiad 2016"]
[Site "Baku AZE"]
[Date "2016.09.09"]
[Round "7.9"]
[Board "3"]
[White "Lorparizangeneh, Shahin"]
[Black "Batchuluun, Tsegmed"]
[Result "1-0"]
[WhiteTitle "IM"]
[BlackTitle "GM"]
[WhiteElo "2478"]
[BlackElo "2513"]
[WhiteTeam "Iran"]
[BlackTeam "Mongolia"]
[WhiteFideId "12521604"]
[BlackFideId "4900847"]
[EventDate "2016.09.02"]

1. Nf3 Nf6 2. g3 d5 3. Bg2 c6 4. c4 Bf5 5. O-O e6 6. cxd5 cxd5 7. Qb3 Qb6 8.
Qxb6 axb6 9. Nc3 Nc6 10. d3 h6 11. Nb5 Ra5 12. a4 Bb4 13. Be3 Nd7 14. Nfd4 Nxd4
15. Nxd4 Bg6 16. Rfc1 Ke7 17. Rc7 Rha8 18. Nc2 Bd6 19. Rxb7 Kd8 20. Rxb6 Kc7 21.
Rb3 Rxa4 22. Rxa4 Rxa4 23. f4 Ra2 24. Kf2 Bc5 25. Nd4 Ra4 26. Nc2 Ra2 27. Rb5
Bxe3+ 28. Kxe3 Nb6 29. Nd4 Na4 30. b3 Nb6 31. g4 Bh7 32. Rc5+ Kd7 33. b4 Rb2 34.
b5 Na8 35. Nf3 f6 36. f5 exf5 37. gxf5 Nc7 38. Nd4 Bg8 39. Bf3 Bf7 40. Rc1 Nxb5
41. Rg1 Nxd4 42. Kxd4 Rb4+ 43. Kc5 Rf4 44. Rxg7 Ke8 45. Rh7 Rxf5 46. Rxh6 Ke7
47. Rh7 Kf8 48. Kd6 Re5 49. Rh4 Re6+ 50. Kc5 Re5 51. Rf4 Ke7 52. h4 Be6 53. h5
Kf7 54. Kd6 Re3 55. Ra4 Kg8 56. Ra8+ Kf7 57. Ra7+ 1-0

[Event "42nd Olympiad 2016"]
[Site "Baku AZE"]
[Date "2016.09.09"]
[Round "7.10"]
[Board "1"]
[White "Beliavsky, Alexander G"]
[Black "Vallejo Pons, Francisco"]
[Result "1/2-1/2"]
[WhiteTitle "GM"]
[BlackTitle "GM"]
[WhiteElo "2602"]
[BlackElo "2716"]
[WhiteTeam "Slovenia"]
[BlackTeam "Spain"]
[WhiteFideId "14602377"]
[BlackFideId "2205530"]
[EventDate "2016.09.02"]

1. d4 Nf6 2. c4 c5 3. d5 b5 4. cxb5 a6 5. bxa6 g6 6. Nc3 Bg7 7. e4 O-O 8. Nf3
Qa5 9. Bd2 Bxa6 10. Be2 Qb4 11. e5 Ng4 12. Nb5 Qe4 13. O-O Bxb5 14. Bxb5 Nxe5
15. Nxe5 Qxe5 16. Bc3 Qd6 17. a4 Na6 18. Qg4 Ra7 19. Rad1 Nc7 20. Qxd7 Nxb5 21.
Qxb5 Bxc3 22. bxc3 Rfa8 23. Ra1 Qxd5 24. a5 Qd8 25. Qxc5 Rxa5 26. Rxa5 Qxa5 27.
Qxe7 Qxc3 28. g3 h5 29. Rd1 Qf3 30. Rd8+ Rxd8 31. Qxd8+ 1/2-1/2

[Event "42nd Olympiad 2016"]
[Site "Baku AZE"]
[Date "2016.09.09"]
[Round "7.10"]
[Board "2"]
[White "Salgado Lopez, Ivan"]
[Black "Lenic, Luka"]
[Result "1/2-1/2"]
[WhiteTitle "GM"]
[BlackTitle "GM"]
[WhiteElo "2662"]
[BlackElo "2622"]
[WhiteTeam "Spain"]
[BlackTeam "Slovenia"]
[WhiteFideId "2257327"]
[BlackFideId "14603853"]
[EventDate "2016.09.02"]

1. e4 e5 2. Nf3 Nc6 3. Bc4 Bc5 4. d3 Nf6 5. O-O d6 6. c3 a6 7. a4 h6 8. Na3 O-O
9. Nc2 Ne7 10. a5 Ng6 11. Be3 Bxe3 12. Nxe3 Ng4 13. h3 Nxe3 14. fxe3 Qe7 15. Qb3
Kh8 16. Rf2 Bd7 17. Raf1 Rab8 18. Kh2 f6 19. Kg1 Rfe8 20. Nd2 Nf8 21. Nf3 Ng6
22. Nd2 Nf8 23. Nf3 Ng6 24. Nd2 1/2-1/2

[Event "42nd Olympiad 2016"]
[Site "Baku AZE"]
[Date "2016.09.09"]
[Round "7.10"]
[Board "3"]
[White "Borisek, Jure"]
[Black "Anton Guijarro, David"]
[Result "1/2-1/2"]
[WhiteTitle "GM"]
[BlackTitle "GM"]
[WhiteElo "2558"]
[BlackElo "2630"]
[WhiteTeam "Slovenia"]
[BlackTeam "Spain"]
[WhiteFideId "14603152"]
[BlackFideId "2285525"]
[EventDate "2016.09.02"]

1. e4 c6 2. d4 d5 3. e5 Bf5 4. Nf3 e6 5. Be2 Ne7 6. O-O h6 7. a4 Nd7 8. c4 dxc4
9. Na3 Nd5 10. Nxc4 Be7 11. a5 O-O 12. Ne3 Bg6 13. Nxd5 cxd5 14. Qb3 Rc8 15. Bd2
f6 16. exf6 Bxf6 17. a6 b6 18. Rac1 Be4 19. Rxc8 Qxc8 20. Rc1 Qd8 21. Be3 Nb8
22. Nd2 Bg6 23. Qc3 Qd6 24. Qc7 Qb4 25. Qc3 Qd6 26. Qc7 Qb4 27. Qc3 Qd6 1/2-1/2

[Event "42nd Olympiad 2016"]
[Site "Baku AZE"]
[Date "2016.09.09"]
[Round "7.10"]
[Board "4"]
[White "Vazquez Igarza, Renier"]
[Black "Skoberne, Jure"]
[Result "0-1"]
[WhiteTitle "GM"]
[BlackTitle "GM"]
[WhiteElo "2580"]
[BlackElo "2562"]
[WhiteTeam "Spain"]
[BlackTeam "Slovenia"]
[WhiteFideId "3503054"]
[BlackFideId "14604299"]
[EventDate "2016.09.02"]

1. d4 Nf6 2. Nf3 g6 3. c4 Bg7 4. g3 O-O 5. Bg2 d6 6. O-O Nc6 7. Nc3 e5 8. d5 Nb8
9. Ne1 a5 10. e4 Na6 11. h3 Nd7 12. Be3 Ndc5 13. Nd3 Qe7 14. Nxc5 Nxc5 15. Qd2
f5 16. exf5 gxf5 17. Rae1 Bd7 18. Nb5 Bxb5 19. cxb5 Qd7 20. Bxc5 dxc5 21. Qe2
Kh8 22. Qc4 Qd6 23. Kh1 e4 24. f4 Bxb2 25. g4 Bd4 26. gxf5 e3 27. Qd3 Rae8 28.
Re2 b6 29. a4 Qf6 30. Be4 Rg8 31. Rg2 Rxg2 32. Bxg2 e2 33. Re1 Bf2 0-1

[Event "42nd Olympiad 2016"]
[Site "Baku AZE"]
[Date "2016.09.09"]
[Round "7.11"]
[Board "1"]
[White "Stefansson, Hannes"]
[Black "Papaioannou, Ioannis"]
[Result "0-1"]
[WhiteTitle "GM"]
[BlackTitle "GM"]
[WhiteElo "2574"]
[BlackElo "2631"]
[WhiteTeam "Iceland"]
[BlackTeam "Greece"]
[WhiteFideId "2300087"]
[BlackFideId "4201345"]
[EventDate "2016.09.02"]

1. e4 c5 2. Nf3 d6 3. d4 cxd4 4. Nxd4 Nf6 5. Nc3 a6 6. Be2 e5 7. Nb3 Be7 8. O-O
O-O 9. Be3 Be6 10. Nd5 Nbd7 11. Qd3 Bxd5 12. exd5 Nc5 13. Nxc5 dxc5 14. Bf3 Bd6
15. Rfe1 Ne8 16. g3 f5 17. Bg2 Qc7 18. c4 e4 19. Qd2 Nf6 20. Bg5 h6 21. Bxf6
Rxf6 22. f3 Be5 23. Kh1 Raf8 24. fxe4 f4 25. gxf4 Bxf4 26. Qe2 Qe5 27. Bh3 g6
28. Rf1 Kg7 29. Rad1 h5 30. Rf2 Kh6 31. Rdf1 Bg5 32. Rxf6 Rxf6 33. Rxf6 Bxf6 34.
Bc8 Qg5 35. Qf1 Kg7 36. d6 Qd2 37. d7 Be5 38. Qg2 Qd1+ 39. Qg1 Qd3 40. Bxb7 h4
41. d8=Q Qxd8 42. Bd5 Qf6 43. Qg2 a5 44. b3 Kh7 45. Bb7 Qf4 46. Bc8 Qc1+ 47. Qg1
Qc2 48. a4 Bd4 49. Qg4 Qf2 50. Qd1 Be5 51. Qg1 Qf3+ 52. Qg2 Qd1+ 53. Qg1 Qf3+
54. Qg2 Qxb3 55. Qg4 Qb1+ 56. Kg2 Qc2+ 57. Kf3 Qxh2 58. Bf5 gxf5 59. Qxf5+ Kg7
60. Qd7+ Kf6 61. Qd8+ Ke6 62. Qe8+ Kd6 63. Qf8+ Kc6 64. Qe8+ Kc7 0-1

[Event "42nd Olympiad 2016"]
[Site "Baku AZE"]
[Date "2016.09.09"]
[Round "7.11"]
[Board "2"]
[White "Banikas, Hristos"]
[Black "Gretarsson, Hjorvar Steinn"]
[Result "1/2-1/2"]
[WhiteTitle "GM"]
[BlackTitle "GM"]
[WhiteElo "2571"]
[BlackElo "2547"]
[WhiteTeam "Greece"]
[BlackTeam "Iceland"]
[WhiteFideId "4202031"]
[BlackFideId "2302241"]
[EventDate "2016.09.02"]

1. d4 Nf6 2. c4 e6 3. Nf3 b6 4. g3 Bb7 5. Bg2 Be7 6. O-O O-O 7. Nc3 Ne4 8. Bd2
d5 9. cxd5 exd5 10. Rc1 Nd7 11. Bf4 c5 12. Nd2 Nxc3 13. bxc3 Nf6 14. dxc5 Bxc5
15. Nb3 Ba3 16. Rc2 Ne4 17. c4 Rc8 18. cxd5 Qxd5 19. Nd2 f5 20. Rxc8 Rxc8 21.
Qa4 Bc5 22. Nxe4 fxe4 23. Rd1 Qc6 24. Qb3+ Kh8 25. e3 Be7 26. h4 Rf8 27. Qb2 Qe6
28. Be5 Rf7 29. Kh2 Qc8 30. Rd2 Qf8 31. Rd7 Bf6 32. Rxf7 Qxf7 33. Qd4 Qe7 34.
Bxf6 gxf6 35. Bh3 Kg7 36. Bf5 Bc6 37. Qd1 Kh6 38. Kg2 Qe5 39. g4 Bd5 40. Qa4 Qe7
41. a3 Kg7 42. Qb5 Be6 43. Bxe6 Qxe6 44. Kh3 1/2-1/2

[Event "42nd Olympiad 2016"]
[Site "Baku AZE"]
[Date "2016.09.09"]
[Round "7.11"]
[Board "3"]
[White "Kjartansson, Gudmundur"]
[Black "Mastrovasilis, Athanasios"]
[Result "1/2-1/2"]
[WhiteTitle "IM"]
[BlackTitle "GM"]
[WhiteElo "2442"]
[BlackElo "2555"]
[WhiteTeam "Iceland"]
[BlackTeam "Greece"]
[WhiteFideId "2301318"]
[BlackFideId "4201990"]
[EventDate "2016.09.02"]

1. d4 Nf6 2. c4 e6 3. Nc3 d5 4. cxd5 exd5 5. Bg5 c6 6. e3 Bd6 7. Bd3 O-O 8. Nge2
h6 9. Bh4 b6 10. h3 Ba6 11. Bxa6 Nxa6 12. O-O Nc7 13. Qa4 b5 14. Qc2 Rc8 15. e4
dxe4 16. Nxe4 Ncd5 17. Nxd6 Qxd6 18. Bg3 Qe6 19. Rfe1 Rfe8 20. a3 a5 21. b3 b4
22. axb4 Nxb4 23. Qb1 Nfd5 24. Be5 f6 25. Bg3 Qe4 26. Qxe4 Rxe4 27. f3 Re6 28.
Nc3 Rxe1+ 29. Bxe1 Nc2 30. Nxd5 cxd5 31. Rc1 Re8 32. Rxc2 Rxe1+ 33. Kf2 Rd1 34.
Rc5 Rxd4 35. Ke2 Rb4 36. Rxa5 Rxb3 37. Rxd5 Kf7 1/2-1/2

[Event "42nd Olympiad 2016"]
[Site "Baku AZE"]
[Date "2016.09.09"]
[Round "7.11"]
[Board "4"]
[White "Halkias, Stelios"]
[Black "Thorfinnsson, Bragi"]
[Result "1-0"]
[WhiteTitle "GM"]
[BlackTitle "IM"]
[WhiteElo "2565"]
[BlackElo "2430"]
[WhiteTeam "Greece"]
[BlackTeam "Iceland"]
[WhiteFideId "4201809"]
[BlackFideId "2300958"]
[EventDate "2016.09.02"]

1. Nf3 Nf6 2. c4 c5 3. Nc3 g6 4. g3 Bg7 5. Bg2 Nc6 6. O-O O-O 7. d4 cxd4 8. Nxd4
d6 9. e3 Bg4 10. Qd2 Qc8 11. b3 Bh3 12. Bb2 Rd8 13. Rfd1 Bxg2 14. Kxg2 d5 15.
cxd5 Nxd5 16. Nxd5 Rxd5 17. Nxc6 bxc6 18. Qe2 Bxb2 19. Qxb2 Qe6 20. Qc2 Rad8 21.
Rac1 c5 22. Rxd5 Rxd5 23. Qc4 Qd6 24. Rc2 e6 25. a4 h5 26. e4 Rd3 27. Qxc5 Qxc5
28. Rxc5 Rxb3 29. Ra5 Rb7 30. h4 Kg7 31. Kf3 Kf6 32. Kf4 Re7 33. Ra6 Rd7 34. f3
Rb7 35. Ra5 Rc7 36. Ra6 Rb7 37. Ra5 Rc7 38. g4 hxg4 39. fxg4 Rb7 40. h5 gxh5 41.
gxh5 Rd7 42. Ra6 Rc7 43. e5+ Kg7 44. Kg5 Rc5 45. h6+ Kh7 46. Kf6 Rc7 47. Rd6
Kxh6 48. Rd8 Kh5 49. Rg8 a5 50. Rg7 Rc4 51. Rxf7 Rxa4 52. Kxe6 Kg6 53. Rf3 Rb4
54. Rg3+ Kh7 55. Kf6 a4 56. e6 Rf4+ 57. Ke5 Rf2 58. e7 a3 59. Rxa3 Kg7 60. Ra8
Re2+ 1-0

[Event "42nd Olympiad 2016"]
[Site "Baku AZE"]
[Date "2016.09.09"]
[Round "7.12"]
[Board "1"]
[White "Sadorra, Julio Catalino"]
[Black "Vocaturo, Daniele"]
[Result "1/2-1/2"]
[WhiteTitle "GM"]
[BlackTitle "GM"]
[WhiteElo "2560"]
[BlackElo "2583"]
[WhiteTeam "Philippines"]
[BlackTeam "Italy"]
[WhiteFideId "5201268"]
[BlackFideId "813192"]
[EventDate "2016.09.02"]

1. d4 Nf6 2. c4 e6 3. Nc3 Bb4 4. g3 d5 5. Nf3 O-O 6. Bg2 dxc4 7. O-O Nc6 8. Bg5
h6 9. Bxf6 Qxf6 10. e3 Rb8 11. Nd2 Na5 12. Qc2 b5 13. a3 Bd6 14. a4 b4 15. Nxc4
Nxc4 16. Ne4 Qf5 17. Qxc4 Bb7 18. Nxd6 cxd6 19. Bxb7 Rxb7 20. Qc6 Rb6 21. Qc7
Qa5 22. b3 Qa6 23. Rfc1 d5 24. a5 Rbb8 25. Rc6 Qd3 26. Qxa7 Qxb3 27. Qa6 Qb2 28.
Qf1 Rfc8 29. Qc1 Qxc1+ 30. Raxc1 Rxc6 31. Rxc6 b3 32. Rc1 1/2-1/2

[Event "42nd Olympiad 2016"]
[Site "Baku AZE"]
[Date "2016.09.09"]
[Round "7.12"]
[Board "2"]
[White "Dvirnyy, Danyyil"]
[Black "Gomez, John Paul"]
[Result "1-0"]
[WhiteTitle "GM"]
[BlackTitle "GM"]
[WhiteElo "2543"]
[BlackElo "2492"]
[WhiteTeam "Italy"]
[BlackTeam "Philippines"]
[WhiteFideId "817570"]
[BlackFideId "5201381"]
[EventDate "2016.09.02"]

1. d4 d5 2. c4 c6 3. Nf3 Nf6 4. e3 Bg4 5. h3 Bxf3 6. Qxf3 e6 7. Nc3 Nbd7 8. Bd3
Bd6 9. cxd5 exd5 10. g4 Nb6 11. g5 Nfd7 12. h4 Qe7 13. Bd2 Nc4 14. Bxc4 dxc4 15.
Ne4 Bb4 16. a3 Bxd2+ 17. Nxd2 Qe6 18. Rc1 Nb6 19. Qe4 Qxe4 20. Nxe4 Kd7 21. Nd2
Rae8 22. Ke2 h6 23. Rhg1 hxg5 24. hxg5 Rh4 25. Kf3 g6 26. Nxc4 Nxc4 27. Rxc4
Rh3+ 28. Rg3 Rh1 29. Rg4 Rh3+ 30. Ke2 Rh5 31. b4 a6 32. a4 Re6 33. a5 Rd6 34.
Rc5 Ke7 35. Re4+ Re6 36. Rf4 Rd6 37. Re4+ Re6 38. Rg4 Rd6 39. Rg1 Rh2 40. Rd1
Rh4 41. Kf3 Rh5 42. Kg2 Re6 43. Rh1 Rxh1 44. Kxh1 Kd6 45. Kg2 Re8 46. Rc1 Kd5
47. Kf3 Rh8 48. Rc5+ Kd6 49. Kg2 Re8 50. Rc3 Kd5 51. f3 Rb8 52. Rc5+ Kd6 53. Kg3
Rh8 54. e4 Rh1 55. d5 Rg1+ 56. Kf4 Rb1 57. dxc6 bxc6 58. Rc4 Rb3 59. e5+ Kd7 60.
Ke4 Kc7 61. Rd4 Rb2 62. Kd3 Rb3+ 63. Ke4 Rb1 64. Kf4 Rb2 65. e6 fxe6 66. Ke5
Re2+ 67. Kf6 e5 68. Re4 Rf2 69. Rxe5 Rxf3+ 70. Kxg6 Rf4 71. Rf5 Rxb4 72. Kf6 1-0

[Event "42nd Olympiad 2016"]
[Site "Baku AZE"]
[Date "2016.09.09"]
[Round "7.12"]
[Board "3"]
[White "Torre, Eugenio"]
[Black "Rombaldoni, Axel"]
[Result "1-0"]
[WhiteTitle "GM"]
[BlackTitle "GM"]
[WhiteElo "2447"]
[BlackElo "2567"]
[WhiteTeam "Philippines"]
[BlackTeam "Italy"]
[WhiteFideId "5200016"]
[BlackFideId "815837"]
[EventDate "2016.09.02"]

1. d4 e6 2. Bf4 f5 3. e3 Nf6 4. Nf3 d6 5. h3 h6 6. Be2 g5 7. Bh2 Bg7 8. c4 b6 9.
Nc3 Nbd7 10. O-O O-O 11. Rc1 Bb7 12. b4 a5 13. a3 axb4 14. axb4 Ne4 15. Nxe4
Bxe4 16. Nd2 Bc6 17. c5 Ba4 18. Nb3 bxc5 19. bxc5 d5 20. Qd3 c6 21. Bd6 Rf7 22.
Bh5 Bb5 23. Bxf7+ Kxf7 24. Qc3 Bxf1 25. Rxf1 Ra4 26. Ra1 Qa8 27. Rxa4 Qxa4 28.
Qa5 Qxb3 29. Qc7 Qb1+ 30. Kh2 Qe4 31. Qxd7+ Kg6 32. Qxc6 f4 33. Qe8+ Kh7 34. Qf7
fxe3 35. fxe3 1-0

[Event "42nd Olympiad 2016"]
[Site "Baku AZE"]
[Date "2016.09.09"]
[Round "7.12"]
[Board "4"]
[White "Brunello, Sabino"]
[Black "Barcenilla, Rogelio"]
[Result "1-0"]
[WhiteTitle "GM"]
[BlackTitle "GM"]
[WhiteElo "2568"]
[BlackElo "2455"]
[WhiteTeam "Italy"]
[BlackTeam "Philippines"]
[WhiteFideId "813613"]
[BlackFideId "5200059"]
[EventDate "2016.09.02"]

1. d4 Nf6 2. c4 g6 3. Nc3 Bg7 4. e4 d6 5. Be2 O-O 6. Nf3 e5 7. O-O Nc6 8. d5 Ne7
9. Kh1 Ne8 10. Ne1 f5 11. exf5 gxf5 12. f4 e4 13. g4 fxg4 14. Nxe4 h5 15. Nc2
Nf5 16. Ng5 Bf6 17. Qd3 Neg7 18. Bd2 Qe8 19. Rae1 Qg6 20. Ne3 Bd7 21. Qb1 Bxg5
22. fxg5 Nh4 23. Bd3 Ngf5 24. Nxf5 Bxf5 25. Rxf5 Rxf5 26. Re6 Qf7 27. g6 Qf8 28.
g7 Qf7 29. Bxf5 Qxf5 30. Qxf5 Nxf5 31. Bc3 Rd8 32. Kg2 Nxg7 33. Rg6 Rd7 34. Kg3
Kf8 35. Rf6+ Rf7 36. Kf4 Ne8 37. Rxf7+ Kxf7 38. Kg5 g3 39. hxg3 c6 40. dxc6 bxc6
41. Kxh5 Nc7 42. Kg5 a6 43. Kf5 Ne6 44. g4 Nf8 45. Bb4 c5 46. Bc3 Ng6 47. Bf6
Nf8 48. b3 Ne6 49. Bc3 Nf8 50. Bd2 Ne6 51. Be3 Ng7+ 52. Ke4 Ke6 53. Bg5 Ne8 54.
Bd8 Kd7 55. Ba5 Ke6 56. g5 Ng7 57. Bc3 Nf5 58. g6 Ne7 59. g7 Kf7 60. Bb2 Ke6 61.
Bc1 Kf6 62. Bf4 1-0

[Event "42nd Olympiad 2016"]
[Site "Baku AZE"]
[Date "2016.09.09"]
[Round "7.13"]
[Board "2"]
[White "Cori, Jorge"]
[Black "Bachmann, Axel"]
[Result "0-1"]
[WhiteTitle "GM"]
[BlackTitle "GM"]
[WhiteElo "2609"]
[BlackElo "2641"]
[WhiteTeam "Peru"]
[BlackTeam "Paraguay"]
[WhiteFideId "3802272"]
[BlackFideId "3700488"]
[EventDate "2016.09.02"]

1. d4 Nf6 2. Nf3 e6 3. c4 Bb4+ 4. Bd2 a5 5. g3 c5 6. Bg2 cxd4 7. Nxd4 Nc6 8. Nb5
d5 9. O-O O-O 10. cxd5 exd5 11. Bf4 Bg4 12. h3 Bf5 13. a3 Be7 14. N1c3 d4 15.
Na4 Rc8 16. Re1 h6 17. Bxc6 bxc6 18. Nxd4 Bxh3 19. e4 Re8 20. Rc1 Bf8 21. f3 Nh5
22. Ne2 Qf6 23. Kh2 Rcd8 24. Qc2 Bc8 25. e5 Qe7 26. Kg2 Nxf4+ 27. Nxf4 Qg5 28.
Qc3 h5 29. Qe3 Qf5 30. Kf2 Bd6 31. Nd3 Bxa3 32. Rcd1 Bb4 33. Rh1 Ba6 34. Nxb4
axb4 35. Qe4 Qxe4 36. fxe4 Rxd1 37. Rxd1 Rxe5 38. Kf3 Bb5 39. Rd8+ Kh7 40. Nb6
f5 41. exf5 Rxf5+ 42. Ke4 Rf2 43. Nd7 Rxb2 44. Nf8+ Kg8 45. Ng6+ Kf7 46. Kf5
Rf2+ 47. Kg5 Ke6 0-1

[Event "42nd Olympiad 2016"]
[Site "Baku AZE"]
[Date "2016.09.09"]
[Round "7.13"]
[Board "3"]
[White "Cubas, Jose Fernando"]
[Black "Cruz, Cristhian"]
[Result "0-1"]
[WhiteTitle "GM"]
[BlackTitle "GM"]
[WhiteElo "2470"]
[BlackElo "2519"]
[WhiteTeam "Paraguay"]
[BlackTeam "Peru"]
[WhiteFideId "3700267"]
[BlackFideId "3801969"]
[EventDate "2016.09.02"]

1. e4 e6 2. d4 d5 3. Nc3 Nf6 4. e5 Nfd7 5. Nf3 c5 6. dxc5 Bxc5 7. Bd3 Nc6 8. Qe2
Nd4 9. Nxd4 Bxd4 10. Bf4 a6 11. O-O b5 12. Rad1 Qb6 13. Kh1 Bb7 14. Nb1 Rc8 15.
c3 Bc5 16. Nd2 Be7 17. Nf3 Nc5 18. Bg5 b4 19. Bxe7 Kxe7 20. Qe3 h6 21. Nd4 bxc3
22. bxc3 Qa5 23. Qg3 Kf8 24. f4 Qxc3 25. f5 Qxd4 26. fxe6 Nxe6 27. Bf5 Qb6 28.
Rb1 Qc6 29. Bxe6 Qxe6 30. Rxb7 Kg8 31. h3 Rf8 32. Rf6 Qc8 33. Ra7 Qc1+ 34. Kh2
Qg5 35. Rfxa6 Re8 36. Ra8 Kh7 37. Qd3+ g6 38. Qxd5 Qf4+ 39. Kh1 Rxe5 40. Rxh8+
Kxh8 41. Qd1 Qg3 0-1